000 01531cam a22004574i 4500
003 PE-LiUPU
005 20250731172932.0
008 150623s r 000 0 d
020 _a089107287X
035 _a(Sirsi) i9780891072874
040 _aPE-LiUPU
_bspa
_cPE-LiUPU
_erda
049 _aPRUA
082 0 4 _a251
_bL54
_221
100 1 _aLewis, Ralph L.,
_d1919-,
_eautor.
245 1 0 _aInductive preaching; helping people listen /
_cRalph L. Lewis con Gregg Lewis.
264 1 _aWestchester, Illinois :
_bCrossway books,
_c1986.
300 _a223 páginas ;
_c22 centímetros
336 _atext
_2rdacontent
337 _aunmediated
_2rdamedia
338 _avolume
_2rdacarrier
505 0 _aNeed. -A promising solution. -Old parts and new hope. -The story of induction. -God`s way?. -Master model. -Web and flow.
526 _aSEG42
526 _aSEG41
526 _aSEG40
526 _aSEG39
526 _aP94
526 _aP87
526 _aP86
526 _aP85
526 _aP77
526 _aP76
526 _aP35
650 0 4 _aPredicación.
700 1 _aLewis, Gregg,
_d1951-.
942 _2ddc
_cBOOK
949 _a251 L54
_wDEWEY
_c1
_i43947
_lCCODEBUL1
_mBUL
_r0
_sY
_tBOOK
_u2015-6-24
_xTEOLOGIA
_PP35
_0COMPRA
_o.STAFF. Colección General
994 _aC0
_bPEPRU
596 _a1
999 _a251 L54
_wDEWEY
_c20825
_i43947
_f2021-11-12
_g5
_lCCODEBUL1
_mBUL
_r0
_sY
_tBOOK
_u2015-6-24
_xTEOLOGIA
_PP35
_0COMPRA
_o.STAFF. Colección General
_d20825
980 _81
_gALBERTO SANCHEZ Responsable de Automatización